Quick Puns Blitz II Quiz Stats

 Plays Quiz Updated Apr 19, 2015

Support Sporcle.
Go Orange.
Score 0/10 Timer 01:00
1 Play Today
% Correct
My cat doesn't like the forest
91.1%
I used to be a banker
90.6%
I don't trust these stairs
89.2%
The man reading a book about anti-gravity
88.6%
When taking up chess
87.6%
Racing against the tomato
87.6%
When the church travels, it
85.9%
The leftovers' plans
82.4%
The herpetologist's car had
79.6%
The man without metatarsals was
78.9%

You're not logged in!

Compare scores with friends on all Sporcle quizzes.
OR
Log In

From the Vault

First Letter Africa Blitz

by Flick

Africa starts with 'a'. Is that it? Did we solve it?
Remove Ads.
Support Sporcle.
Get the best of Sporcle when you Go Orange. This ad-free experience offers more features, more stats, and more fun while also helping to support Sporcle. Thank you for becoming a member.

Show Comments

Extras

Top Quizzes Today


Score Distribution

Your Account Isn't Verified!

In order to create a playlist on Sporcle, you need to verify the email address you used during registration. Go to your Sporcle Settings to finish the process.

Report this User

Report this user for behavior that violates our Community Guidelines.

Details: